Normal view
MARC view
- شابير، ددلي محرر ؛ ترجمة احمد الحصادي
Entry Personal Name
001 - CONTROL NUMBER
- control field: 8231
003 - CONTROL NUMBER IDENTIFIER
- control field: JO-AjAnu
005 - DATE AND TIME OF LATEST TRANSACTION
- control field: 20230606071629.0
008 - FIXED-LENGTH DATA ELEMENTS
- fixed length control field: 230606|| aca||aabn | a|a d
040 ## - CATALOGING SOURCE
- Original cataloging agency: JO-AjAnu
- Transcribing agency: JO-AjAnu
100 ## - HEADING--PERSONAL NAME
- Personal name: شابير، ددلي محرر ؛ ترجمة احمد الحصادي
670 ## - SOURCE DATA FOUND
- Source citation: Work cat.: (JO-AjAnu)4251: شابير، ددلي محرر ؛ ترجمة احمد الحصادي , author, إشكاليات فلسفية في العلم الطبيعي=PHILOSOPHICAL PROBLEMS OF NATURAL SCIENCE، ج1+2